Famous People from the 15th Century AD - Statistics

General Stats
  • This quiz has been taken 97 times
  • The average score is 11 of 20
Answer Stats
Hint Answer % Correct
"The Maid of Orléans", who lifted the english siege of Orleans and was burned as a heretic by the English Joan of Arc
95%
Explorer from Genoa, who discovered America for Spain Christopher Columbus
92%
Queen of Castille, who married the King of Aragon and finished the Reconquista Isabella I of Castile
91%
Inventor of the printing press with movable letters Johannes Gutenberg
88%
Italian Polymath, who painted the Mona Lisa Leonardo da Vinci
88%
Ruler of Walachia, who fought the Ottomans and is known as an inspiration for a Bram Stoker novel Vlad the Impaler
82%
Banker in Florence, who patronaged Arts and was the first member of his family to gain de facto control of Florence Cosimo de' Medici
80%
King of Aragon, who married the Queen of Castille and finished the Reconquista Ferdinand II of Aragon
80%
Italian explorer, who explored South America, the continent was named after him Amerigo Vespucci
77%
Portuguese explorer and the first European to reach India by sea Vasco da Gama
74%
Grand Prince of Moscow, who united Russia, defeated the Golden Horde and made Moscow the "Third Rome" Ivan III
62%
Admiral of the Treasure Fleet, which traveled from China to South East Asia and the Indian Ocean Zheng He
39%
Early reformator in Bohemia, his execution caused a series of religious wars Jan Hus
35%
Ottoman Sultan, who conquered Constantinopel Mehmed II.
35%
Portuguese general, who conquered trading posts like Goa, Hormuz and Malakka, a city in New Mexico is named after him Afonso de Albuquerque
32%
Rich merchant and banker from Augsburg, who financed the HRE Emperors Jakob Fugger
27%
Albanian general, who fought for and against the Ottomans and is admired as a national hero of Albania Skanderbeg
24%
3. Emperor of the Ming dynasty, who founded Beijing, build the Forbidden City and financed the Treasure Fleet Yongle
15%
4. King of the Korean Joseon dynasty, who developed the Korean Writing System Sejong the Great
12%
Ruler, who greatly expanded the Inca Empire and founded Machu Picchu Pachacútec Yupanqui
6%
No matching quizzes found
Score Distribution
Percent of People with Each Score
Percentile by Number Answered
Your Score History
You have not taken this quiz